Benefits and wages 2002 OECD indicators
Salvato in:
| Natura: | Libro |
|---|---|
| Lingua: | inglese |
| Pubblicazione: |
Paris
OECD
2002
|
| Soggetti: | |
| Tags: |
Nessun Tag, puoi essere il primo ad aggiungerne!!
|
MARC
| LEADER | 00000nam a2200000 4500 | ||
|---|---|---|---|
| 001 | c141898 | ||
| 005 | 20251216093100.5 | ||
| 020 | |a 92-64-19784-2 | ||
| 041 | 0 | |a eng | |
| 044 | |a FR | ||
| 245 | 1 | 0 | |a Benefits and wages 2002 |b OECD indicators |
| 264 | 1 | |a Paris |b OECD |c 2002 | |
| 300 | |a 63 s. | ||
| 610 | 2 | 0 | |a mzdy |
| 610 | 2 | 0 | |a práca |
| 610 | 2 | 0 | |a ohodnotenie osobné |
| 610 | 2 | 0 | |a pracovníci |
| 610 | 2 | 0 | |a dane |
| 610 | 2 | 0 | |a systémy daňové |
| 610 | 2 | 0 | |a systémy platobné |
| 610 | 2 | 0 | |a porovnanie medzinárodné |
| 610 | 2 | 0 | |a dávky |